| 000 | 00673nam a2200205 a 4500 | ||
|---|---|---|---|
| 999 |
_c2453 _d2453 |
||
| 001 | 2453 | ||
| 003 | BD-JhCC | ||
| 005 | 20171105180901.0 | ||
| 008 | 171102s2011 bg ||||| |||| 00| 0 ben d | ||
| 035 | _a(BD-JhCC) | ||
| 040 |
_aBD-JhCC _dBD-JhCC |
||
| 041 | _aben | ||
| 082 |
_a320.014 _bRAH 2011 |
||
| 100 | _aরহমান, মতিউর | ||
| 245 |
_aএকুশের পটভূমি একুশের স্মৃতি / _cমতিউর রহমান |
||
| 260 |
_aঢাকা : _bপ্রথমা প্রকাশন ; _c২০১১ |
||
| 300 |
_a১৩৫ পৃ. ; _c২২ সেমি |
||
| 650 | _aMemories of 21st Feburary | ||
| 942 |
_2ddc _cBK |
||